Регионална библиотека "Любен Каравелов" - Русе

Търся предците си (Запис номер 167170)

MARC детайли
000 -Лидер
Контролно поле с фиксирана дължина nam a22 a 4500
003 - Код на организацията, давaща контролен номер
Контролно поле BLK
005 - Дата и час на последна редакция
Контролно поле 20221012144245.0
008 - Елементи от данни с фиксирана дължина
fixed length control field 180411b bul|||||r ||||||| ||bul||
010 ## - Наследен системен номер
LC control number KNG00174961000
040 ## - Източник на каталожния запис
Идентификатор на билиотеката - собственик на записа BLK
041 ## - Код за език
Код за езика на текст/звукозапис или на отделно заглавие Български
Код за езика КДБФ Български
080 ## - УДК
Текстов определител УДК Антропогенезис. Произход на човека. Вж и 575.8
УДК код - определител по УДК 572.1/.4
УДК - код + определител 572.1/.4
100 1# - Редна дума - Автор
Автор Ейделман, Натан Яковлевич
Авторска отговорност първи автор
R(LIN) 66796
139 ## - Редно поле
Редна дума Ейделман, Натан Яковлевич
Авторски знак Еи - Е 39
245 10 - Сведения за заглавието
Заглавие Търся предците си
Подзаглавни данни Науч. - попул. очерк
Редно поле (дума) Натан Яковлевич Ейделман; прев. от рус. Николай Цанков.
257 ## - Страна на издаване
Страна на създаване/издаване СССР
260 ## - Област на издателските данни
Място на издаване, разпространение и проч. София
Име на издателя, разпространителя и проч. Нар. просв.
Година на издаване 1974
Печатница В. Търново : Д. Найденов
300 ## - Физическа характеристика
Страници 231 с.
Илюстрации и др. с ил.
Размери/Мащаб 20 см
380 ## - Жанр
Жанр Естествени науки. Математика
490 ## - СЕРИИ (Колекции)
Име на серия Библиотека Еврика
9 (RLIN) 202945
500 ## - Общи забележки
Забележка Ориг. загл. Ищу предка
650 #4 - Допълнително описание по предмет – тема
Основно описание – тема или топоним Човек - произход и еволюция
9 (RLIN) 251506
653 ## - Ключова дума – ненормативна
Ключова дума произход на човека
700 1# - Други автори (авторска отговорност)
Лично име Цанков, Николай
Автороска отговорност (Описва отношението между автора и произведението) прев. от рус.
9 (RLIN) 373710
852 ## - Местоположение
Форматна сигнатура Цб 79989
Фондова буква Хранилище
856 4# - Електронен адрес и достъп
Електронен формат pdf - файл
Инструкция (цена за достъп) 0.00
Права за достъп disable
856 4# - Електронен адрес и достъп
Електронен формат pdf - файл
Инструкция (цена за достъп) 0.00
Права за достъп disable
999 ## - СИСТЕМНИ КОНТРОЛНИ НОМЕРА
Koha biblionumber 167170
Koha biblioitemnumber 167170
942 ## - АРТИКУЛИ
Вид на библиотечния материал Книги
Скрит в OPAC Не
Периодичен библиозапис Да
944 ## - СЪЗДАВАНЕ И РЕДАКЦИЯ на ЗАПИСА
Създаване/Редакция Създаване
Дата на регистрацията/редакция 08.05.2015
Служител, извършил регистрацията/редакцията Теодора_Стоянова
944 ## - СЪЗДАВАНЕ И РЕДАКЦИЯ на ЗАПИСА
Създаване/Редакция Редакция
Дата на регистрацията/редакция 2022-10-12
Служител, извършил регистрацията/редакцията ир
999 ## - СИСТЕМНИ КОНТРОЛНИ НОМЕРА
Koha biblioitemnumber 167170
Наличности
Код за отписване Код за изгубен артикул Източник на класификационната схема Код за повреда Коз за рестрикции Код за отдаване Артикулен № Име на библиотеката - собственик Име на библиотеката, в която се намира в момента Статус (Текущо местоположение) Дата на вписване в системата Местоположение - отдел Цена в лева Инвентарен номер Систематично азбучна сигнатура Баркод Номер на екземпляра Цена в евро Служебна бележка Служебен тип на артикула
  Не е изгубен Universal Decimal Classification Не е повреден само за читалня ползва се в читалня 281599 Регионална библиотека "Любен Каравелов" Русе Регионална библиотека "Любен Каравелов" Русе Хранилище 1974-01-01 Хранилище 0.55 202142 Цб 79989 120000202142 1 0.28 Дост: Dp Вид: Сф Дата: 01.01.1974 Книги
Изтеглен Не е изгубен Universal Decimal Classification Не е повреден без рестрикции заемане за дома 281600 Регионална библиотека "Любен Каравелов" Русе Регионална библиотека "Любен Каравелов" Русе Заемна - подръчен фонд 1974-01-01 Заемна - подръчен фонд 0.55 202733 П 572/Е 39 202733 2 0.28 Дост: Pk Вид: Сф Дата: 01.01.1974 Книги
Изтеглен Не е изгубен Universal Decimal Classification Не е повреден без рестрикции заемане за дома 281601 Регионална библиотека "Любен Каравелов" Русе Регионална библиотека "Любен Каравелов" Русе Заемна - подръчен фонд 1974-01-01 Заемна - подръчен фонд 0.55 202734 П 572/Е 39 202734 3 0.28 Дост: Pk Вид: Сф Дата: 01.01.1974 Книги
Изтеглен Не е изгубен Universal Decimal Classification Не е повреден без рестрикции заемане за дома 281602 Регионална библиотека "Любен Каравелов" Русе Регионална библиотека "Любен Каравелов" Русе Заемна - подръчен фонд 1974-01-01 Заемна - подръчен фонд 0.55 202735 П 572/Е 39 202735 4 0.28 Дост: Pk Вид: Сф Дата: 01.01.1974 Книги
Vip Innovations Ltd, Rousse, Bulgaria 2025